| 000 | 00514nam a22001577a 4500 | ||
|---|---|---|---|
| 008 | 230410b |||||||| |||| 00| 0 eng d | ||
| 040 |
_aNational Science Library _cNational Science Library |
||
| 080 |
_a338:63.004.68](439.1)(08) _bL9 |
||
| 100 |
_aJoshi, P C _96541 |
||
| 245 |
_aRural transformation in Hungary: _bSelected studies |
||
| 260 |
_aNew Delhi: _bInformation and Cultural Centre, _c1979 |
||
| 300 | _axix, 273p. | ||
| 650 | _aRural development | ||
| 653 | _aAgriculture and state | ||
| 942 |
_2udc _cBK |
||
| 999 |
_c19605 _d19605 |
||